|
|
|
|
| LEADER |
00000nam a2200000 i 4500 |
| 001 |
1/24206 |
| 008 |
950330s1971 gre d |
| 035 |
|
|
|l 10022243
|
| 040 |
|
|
|a GR-MY-UA
|b gre
|e aacr
|
| 041 |
0 |
|
|a gre
|
| 082 |
0 |
|
|a 330.1
|
| 100 |
1 |
|
|a Δεβλετόγλου, Νικόλαος Ε.
|
| 245 |
1 |
0 |
|a Συμπεριφορική οικονομική θεωρία :
|b Συμβολή εις την εξέλιξην της οικονομικής αναλύσεως /
|c Νικόλαος Ευδ. Δεβλετόγλου ; Μετ.:Κ.Μ.Σοφούλη
|
| 260 |
|
|
|a Αθήνα :
|b Παπαζήση,
|c 1971
|
| 650 |
0 |
0 |
|a Economics.
|
| 650 |
0 |
0 |
|a Consumer behavior.
|
| 700 |
1 |
|
|a Σοφούλης, Κώστας Μαν.,
|d 1937-2020.
|4 trl
|
| 852 |
|
|
|a INST
|b CHIOS
|e 19950330
|h 330.1 ΔΕΒ
|p 005200001861
|q 005200001861
|t BK
|y 0
|
| 909 |
|
|
|a Χ
|b 003654
|